000 00863 a2200217 4500
001 124699
020 _a9781563979804
040 _cEscola Canadense de Niteroi
090 _aL1 - SWI
100 _aSwinburne, Stephen R.
245 1 0 _aLots and lots of zebra stripes: patterns in nature
250 _a1st. ed.
260 _aHonesdale
300 _a32 p.
_c8 x 0.12 x 10 inches
362 0 _a1998
520 _aWith a simple text and vivid full-color photographs, Stephen R. Swinburne shows children a wide range of nature's exquisite designs. He invites children to open their eyes and look for patterns in water and on land, in the air and on the ground, and in their own neighborhoods. They will see the world as they've never seen it before.
650 4 _aNon-Fiction
650 4 _aKindergarten's Literature
650 4 _aPatterns
942 _cBK
999 _c124699
_d124699